000 00407nam a2200169Ia 4500
008 221030s9999 xx 000 0 und d
020 _a8121924502
041 _aEnglish
082 _a105.23
100 _aV. K. Mehta
245 0 _aPrinciples of Electronics
_cby V. K. Mehta, R. Mehta
260 _bS.Chand & Co.
_aNew Delhi
_c2010
300 _a778
650 _aECE
700 _aR. Mehta
942 _cBK
999 _c8928
_d8928